Visualizzazione normale
Vista MARC
- Campanas
di Topical Term
Records bibliografici associati: 1
001 - CONTROL NUMBER
- control field: 70835
003 - CONTROL NUMBER IDENTIFIER
- control field: IT-RoINE
005 - DATE AND TIME OF LATEST TRANSACTION
- control field: 20220125101928.0
008 - FIXED-LENGTH DATA ELEMENTS
- fixed length control field: 220125|| aca||aabn | a|a d
040 ## - CATALOGING SOURCE
- Original cataloging agency: IT-RoINE
- Transcribing agency: IT-RoINE
150 ## - HEADING--TOPICAL TERM
- Topical term or geographic name as entry element: Campanas
- Geographic subdivision: España
- Geographic subdivision: Castilla y León
670 ## - SOURCE DATA FOUND
- Source citation: Work cat.: (IT-RoINE): Sánchez del Barrio, Antonio 41092, Las campanas de las catedrales de Castilla y León /, 2002.